Pyrolýza biomasy na biopalivá a biozložky

Na minha lista:
Detalhes bibliográficos
Autor principal: Ondrovič, Tomáš
Formato: Livro
Idioma:eslovaco
Publicado em: Bratislava STU FCHPT 2012
Acesso em linha:View in OPAC
Tags: Adicionar Tag
Sem tags, seja o primeiro a adicionar uma tag!

MARC

LEADER 00000nam a2200000 a 4500
005 20260127134027.0
008 120815 2012 xo 000 0 slo d
035 |a vtls010442572 
039 9 |a 201208151131  |b mschk03  |y 201208151124  |z mschk03 
040 |a STUSCHK1  |b slo  |c STUSCHK1  |e AACR2 
100 1 |a Ondrovič, Tomáš 
245 1 |a Pyrolýza biomasy na biopalivá a biozložky  |c Tomáš Ondrovič 
260 |a Bratislava  |b STU FCHPT  |c 2012 
300 |a 46 s.  |b il.  |c 30 cm 
500 |a Obháj.: 10.7. 2012 
500 |a Študijný program: chemické technológie 
500 |a Študijný odbor: 5.2.18 chemické technológie 
500 |a Bakalárska práca 
500 |a FCHPT, Oddelenie technológie ropy a petrochémie 
500 |a Evidenčné číslo: 5438-17685 
910 |a SCHK95 
999 |c 2385  |d 2385